Представление документа в формате MARC21

Поле Инд. ПП Название Значение
Тип записи a
Библиографический уровень b
001 Контрольный номер RU/IS/BASE/126636316
005 Дата корректировки 20220422093506.8
084 a Индекс другой классификации/Индекс ББК 65.261.411.15(2Рос)
100 1_ a Автор Ковалева Е.
q Полное имя Ковалева Елизавета
245 a Заглавие Малые научные предприятия: налоги и господдержка
500 a Примечание Продолжение Начало см.: "РИСК", 2002, № 3
504 a Библиография Библиогр. сноски
520 a Аннотация Целевой анализ наиболее характерных особенностей функционирования и факторов развития малых предприятий в сфере науки и научного обслуживания на общем фоне предпринимательства в России
650 a Основная рубрика налоговая система
a Основная рубрика налогообложение
a Основная рубрика финансы
a Основная рубрика экономика
a Основная рубрика государственные финансы
653 a Ключевые слова антимонопольное законодательство
a Ключевые слова государственная поддержка
a Ключевые слова инновационное предпринимательство
a Ключевые слова корпоративное управление
a Ключевые слова малое предпринимательство
a Ключевые слова малые научные предприятия
a Ключевые слова малые предприятия
a Ключевые слова налогообложение предприятий
a Ключевые слова наукоемкий бизнес
a Ключевые слова поддержка малого предпринимательства
a Ключевые слова предпринимательство
a Ключевые слова региональные программы
a Ключевые слова рентабельность предприятия
a Ключевые слова Россия
a Ключевые слова себестоимость продукции
773 t Заглавие источника РИСК: ресурсы, информация, снабжение, конкуренция
d Дата издания источника 2002
g Прочая информация № 4. - С. 51 - 63 : табл., диагр., граф.
w Контрольный № источника RU/IS/BASE/114871404
901 t Тип документа b